000 00359nam a2200145Ia 4500
008 090124s9999 xx 000 0 und d
082 _b34103
245 _a बहुजन
250 _a1
260 _bलिंबाळे शरणकुमार
_c2007
300 _a216
630 _a बहुजन
730 _a बहुजन
942 _cBOOK
999 _c196755
_d196755